Hokejová ST extraliga - 37. kolo ...

Podrobná bibliografia
Médium: Článok
Jazyk:slovenčina
Fyzický popis:Fotogr., tab.
ISSN:0139-7001
Predmet:

MARC

LEADER 00000nab a2200000 ar4500
001 vtls008422049
003 SK-MaSNL
005 20260303074233.0
008 060104c20051223xo sr|p|||||||000 b|slo
015 |a SNBRB2006/01  |2 snkbucl 
038 |a SNKBUCL 
040 |a SNKBUCL  |b slo  |c SNKBUCL  |e AACR2 
041 0 |a slo 
044 |a xo  |c SK 
080 |a 796.966.093.2  |2 UDC-MRF-SK2 
245 0 0 |a Hokejová ST extraliga - 37. kolo ... 
300 |b Fotogr., tab. 
648 7 |a sezóna 2005/2006  |2 snkbucl  |9 1033192 
650 0 7 |a ľadový hokej  |2 snkbucl  |9 3231 
650 0 7 |a extraliga   |2 snkbucl  |9 18992 
650 0 7 |a 37. kolo  |2 snkbucl  |9 1031768 
773 0 |t Šport  |g Roč. 59, č. 296 (23.12.2005), s. 10-13  |x 0139-7001 
852 |a SNK  |b KIS3GCP 
999 |c 1770831  |d 1772761